|
|
|
|
| LEADER |
00000nam0a2200000 4500 |
| 001 |
255470 |
| 005 |
20231101233028.0 |
| 035 |
|
|
|a (RuTPU)RU\TPU\book\277983
|
| 090 |
|
|
|a 255470
|
| 100 |
|
|
|a 20140328d1986 k y0rusy50 ca
|
| 101 |
0 |
|
|a rus
|
| 102 |
|
|
|a UA
|
| 105 |
|
|
|a y a 001zy
|
| 200 |
1 |
|
|a Повышение износостойкости деталей оборудования методами напыления и сварки
|e рекомендательный библиографический указатель
|f Харьковская государственная научная библиотека им. В. Г. Короленко ; под ред. Б. Я. Черныша
|
| 210 |
|
|
|a Харьков
|c Прапор
|d 1986
|
| 215 |
|
|
|a 24 с.
|
| 225 |
1 |
|
|a Рекомендательный библиографический указатель
|x 0201-6346
|
| 333 |
|
|
|a Исключено из фонда НТБ ТПУ
|
| 702 |
|
1 |
|a Черныш
|b Б. Я.
|4 340
|
| 712 |
0 |
2 |
|a Харьковская государственная научная библиотека им. В. Г. Короленко
|9 27646
|
| 801 |
|
1 |
|a RU
|b 63413507
|c 20140328
|
| 801 |
|
2 |
|a RU
|b 63413507
|c 20231011
|g RCR
|
| 942 |
|
|
|c BK
|